000 00480nam a22001817a 4500
005 20251108175420.0
008 250721s2015 xx 000 0 ara d
082 1 4 _a158.4/برا
100 1 _aبرايس، دافيد
245 1 0 _aالقيادة /
264 1 _aرأس الخيمة :
_bدار نون،
_c2015.
300 _a222 ص.
650 1 7 _aالقيادة
650 1 7 _aعلم النفس
700 1 _aالأحمد، عماد
942 _2ddc
_cBK
999 _c133562
_d133562